Meilleurs Buteurs de l'histoire de l'OL - Statistiques

Statistiques générales
  • Ce quiz a été pris 55 fois
  • Le résultat moyen est 5 sur 11
Statistiques - réponses
nb de buts Nom du joueur % Correct
151 Lacazette
94%
100 Juninho
73%
94 Anderson
56%
149 Lacombe
48%
82 Lopez
46%
222 Di Nallo
44%
80 Depay
42%
95 Gomis
35%
132 Chiesa
12%
94 Combin
2%
84 Schultz
0%
Aucun quiz correspondant
Distribution des résultats
% des personnes avec chaque résultat
Percentile par nombre de réponses
Votre historique - résultats
Vous n’avez pas pris ce quiz